logo

Bir Sreshtho Munshi Abdur Rouf Library
Jhenaidah Cadet College

Mother Teresa : (Record no. 11754)

MARC details
000 -LEADER
fixed length control field 00729nam a2200253 a 4500
001 - CONTROL NUMBER
JCCL Control Number 11754
003 - CONTROL NUMBER IDENTIFIER
JCCL marc code BD-JhCC
005 - DATE AND TIME OF LATEST TRANSACTION
control field 20220725134023.0
008 - FIXED-LENGTH DATA ELEMENTS--GENERAL INFORMATION
fixed length control field 200831b2014 ii a|||| ||a| 000 0 eng d
020 ## - INTERNATIONAL STANDARD BOOK NUMBER
International Standard Book Number 9789382607687
035 ## - SYSTEM CONTROL NUMBER
system control number (BD-JhCC)11754
040 ## - CATALOGING SOURCE
Original cataloging agency BD-JhCC
Modifying agency BD-JhCC
041 ## - LANGUAGE CODE
Language code of Book eng
082 ## - DEWEY DECIMAL CLASSIFICATION NUMBER
Classification number 271.97
Author mark and Year ABD 2014
100 ## - MAIN ENTRY--PERSONAL NAME
Personal name Khan, Adil
245 ## - TITLE STATEMENT
Title Mother Teresa :
Remainder of title A symbol of Kindness /
Statement of responsibility, etc Adil Khan
260 ## - PUBLICATION, DISTRIBUTION, ETC. (IMPRINT)
Place of publication, distribution, etc India:
Name of publisher, distributor, etc An imprint of Om Books International;
Date of publication, distribution, etc 2014.
300 ## - PHYSICAL DESCRIPTION
Pagination 79 p. :
Other physical details ill
Dimensions 24 cm.
651 ## - SUBJECT ADDED ENTRY--GEOGRAPHIC NAME
Geographic name Teresa, Mother, Saint, 1910-1997
General subdivision Missionaries of Charity
Chronological subdivision Nuns
Geographic subdivision India--Kolkata
700 ## - ADDED ENTRY--PERSONAL NAME
Personal name Naushad Ali
700 ## - ADDED ENTRY--PERSONAL NAME
Personal name Himansu Sharma
942 ## - ADDED ENTRY ELEMENTS (KOHA)
Source of classification or shelving scheme Dewey Decimal Classification
Koha item type Books
Koha issues (borrowed), all copies 1
Holdings
Source of classification or shelving scheme Damaged status Not for loan Home library Current library Shelving location Date of accession Cost, normal purchase price Total Checkouts Full call number Barcode Date last seen Date checked out Copy number Koha item type
Dewey Decimal Classification     JCC Rouf Library JCC Rouf Library General Stacks 08/31/2020 450.00 1 271.97 ABD 2014 16038 08/01/2022 07/25/2022 C-1 Books

JCC Library | Contacts | JCC Home

Last Update on 23 September 2017
Copyright @ 2017-2020 JCC Rouf Library
Rouf Library, Jhenidah Cadet College (JCC), Bangladesh